000 00225nam a22000857a 4500
999 _c3637
_d3637
008 161028b xxu||||| |||| 00| 0 eng d
020 _a9788188322893
100 _9978
_aSahgal.S.
245 _aIndian Fusion Cooking
260 _aNew Delhi
_bOB. Publications
_c2006